| 000 | 00408nam a22001577a 4500 | ||
|---|---|---|---|
| 999 |
_c524213 _d524213 |
||
| 020 | _a9787300246505 | ||
| 040 | _cNUST | ||
| 082 |
_a370.951 _bBOL |
||
| 100 |
_aBolu Wang _915028 |
||
| 245 | _aBuilding china into a leading power in science, technology and education | ||
| 250 | _aVolume 7th | ||
| 260 |
_bRenmin university press _c2017 |
||
| 300 | _aill, 231,p.: | ||
| 500 | _aP.B | ||
| 942 |
_2ddc _cBK |
||